Report of the Panchayat Finance Commission, Kerala (Record no. 488534)

000 -LEADER
fixed length control field 00426cam a22001337a 4500
008 - FIXED-LENGTH DATA ELEMENTS--GENERAL INFORMATION
fixed length control field 180718b1985 xxu||||| |||| 00| 0 eng d
082 ## - DEWEY DECIMAL CLASSIFICATION NUMBER
Classification number Lmx5453 F/1985
100 ## - MAIN ENTRY--PERSONAL NAME
Personal name Kerala. Panchayat Finance Commission
245 ## - TITLE STATEMENT
Title Report of the Panchayat Finance Commission, Kerala
260 ## - PUBLICATION, DISTRIBUTION, ETC.
Place of publication, distribution, etc. Trivandrum
Name of publisher, distributor, etc. The author
Date of publication, distribution, etc. 1985
300 ## - PHYSICAL DESCRIPTION
Extent 188+p.
500 ## - GENERAL NOTE
General note Chairman: K. Avukaderkutty Naha
700 ## - ADDED ENTRY--PERSONAL NAME
Personal name Avakaderkutty Naha, K. (Chairman)
Holdings
Withdrawn status Lost status Damaged status Not for loan Permanent Location Current Location Date acquired Full call number Barcode Date last seen Price effective from Koha item type
        Indian Institute of Public Administration Indian Institute of Public Administration 2018-08-04 Lmx5453 F/1985 G18138 2018-08-04 2018-08-04 G

Powered by Koha